[Event "Hradec Kralove Region-chT 0506"]
[Site "Czech Republic"]
[Date "2005.11.13"]
[Round "2.8"]
[White "Flora, Tomas"]
[Black "Klima, Miloslav"]
[Result "1/2-1/2"]
[WhiteElo "1832"]
[BlackElo "1996"]
[PlyCount "37"]
[EventDate "2005.10.23"]
[EventType "team-tourn"]
[EventRounds "11"]
[EventCountry "CZE"]
[SourceTitle "EXT 2024"]
[Source "ChessBase"]
[SourceDate "2023.10.10"]
[SourceVersion "1"]
[SourceVersionDate "2023.10.10"]
[SourceQuality "1"]
[WhiteTeam "Jicin"]
[BlackTeam "Rychnov nad Kneznou"]
[WhiteTeamCountry "CZE"]
[BlackTeamCountry "CZE"]

1. e4 c6 2. d4 d5 3. Nc3 dxe4 4. Nxe4 Nf6 5. Nxf6+ gxf6 6. c3 Bf5 7. Bc4 Qc7 8. Ne2 e6 9. Bf4 Bd6 10. Bxd6 Qxd6 11. Ng3 Bg6 12. Qf3 Nd7 13. 0-0-0 0-0-0 14. Rhe1 Nb6 15. Bd3 Qd5 16. Qxd5 Nxd5 17. Be4 Nf4 18. Ne2 Nxe2+ 19. Rxe2 1/2-1/2